Trigonometría plana
Zapisane w:
| 1. autor: | |
|---|---|
| Format: | Książka |
| Język: | hiszpański |
| Wydane: |
Ciudad de México
Limusa
1970
|
| Hasła przedmiotowe: | |
| Etykiety: |
Dodaj etykietę
Nie ma etykietki, Dołącz pierwszą etykiete!
|
MARC
| LEADER | 00000nam a2200000 a 4500 | ||
|---|---|---|---|
| 001 | UCU3211 | ||
| 003 | CL-VaPUC | ||
| 008 | 960502e19700000MX |||||||||||||||||spa|d | ||
| 082 | 0 | 4 | |a 516.242 |b NIL |2 21 |
| 100 | |a Niles, Nathan O. |e autor |9 360012 | ||
| 245 | 1 | 0 | |a Trigonometría plana |
| 300 | |a 269 p | ||
| 942 | |c BK | ||
| 945 | |d 19960502 00:00:00 |a lriquelm | ||
| 260 | |a Ciudad de México |b Limusa |c 1970 | ||
| 650 | 0 | |a Trigonometría |9 259568 | |
| 650 | 0 | |a Logaritmos |9 260266 | |
| 650 | 0 | |a Funciones |9 263869 | |
| 650 | 0 | |a Ecuaciones |9 260137 | |
| 650 | 0 | |a Vectores |9 317184 | |
| 583 | |a last modification |c 19960502 00:00:00 |k Rodrigo Vera | ||
| 999 | |c 247298 |d 247296 | ||
| 952 | |0 0 |1 0 |4 0 |6 516_242000000000000_NIL_1970 |7 0 |8 A |9 263090 |a BIBMAT |b BIBMAT |d 2019-11-19 |i 1302760 |l 1 |o 516.242 NIL 1970 |p 1302760 |r 2025-01-07 |s 2020-04-08 |w 2019-11-19 |y BK |k MAT | ||